[Event "e2e4 Gatwick Open"]
[Site "London ENG"]
[Date "2011.06.18"]
[Round "3"]
[White "Williams,Si1"]
[Black "Bisby,D"]
[Result "1-0"]
[WhiteElo "2520"]
[BlackElo "2296"]

1.e4 c5 2.c3 Nf6 3.e5 Nd5 4.d4 cxd4 5.Nf3 e6 6.cxd4 d6 7.Nc3 Nc6 8.Bd2 dxe5
9.dxe5 Be7 10.Bc4 O-O 11.Qe2 Nxc3 12.Bxc3 b6 13.Bd3 Nb4 14.Bxh7+ Kxh7 15.Qe4+ Kg8
16.Bxb4 Bxb4+ 17.Qxb4 Ba6 18.Rd1 Qc7 19.Qa4 Bc4 20.Rd6 Rfd8 21.Qc2 Rxd6 22.exd6 Qc5
23.b3 Qb4+ 24.Qd2 Qxd2+ 25.Kxd2 Bd5 26.Ke3 Rd8 27.Rc1 Rxd6 28.Rc8+ Kh7 29.Rc7 f6
30.Rxa7 Rc6 31.Nd4 Rc1 32.Ra6 e5 33.Ne2 Rc6 34.g3 Bf7 35.Ra7 Bg6 36.Rd7 Bf5
37.Rd2 Bb1 38.Rb2 Bc2 39.Kd2 Bf5 40.Nc3 Rd6+ 41.Ke1 Rd3 42.Nd1 Rd6 43.Ne3 Be4
44.Rd2 Rc6 45.Ke2 Rc1 46.Rd1 Rc3 47.Kd2 Rc6 48.a4 f5 49.Nc4 f4 50.Re1 Bd5
51.Nxe5 Rh6 52.Kc3 Rxh2 53.Nd3 fxg3 54.fxg3 Rh3 55.Re3 Rh1 56.Kb4 Rb1 57.Ne5 Kh6
58.Nd7  1-0

[Event "25th Open Pula"]
[Site "Pula CRO"]
[Date "2011.06.18"]
[Round "1.21"]
[White "Skytte,R"]
[Black "Jukic,Ma"]
[Result "1-0"]
[WhiteElo "2399"]
[BlackElo "1979"]

1.e4 c5 2.c3 Nf6 3.e5 Nd5 4.d4 cxd4 5.Nf3 e6 6.cxd4 Nc6 7.Nc3 d6 8.Bd3 dxe5
9.dxe5 Ndb4 10.Be4 Qxd1+ 11.Nxd1 f5 12.exf6 gxf6 13.Nc3 f5 14.Bb1 Bg7 15.a3 Nd5
16.Nxd5 exd5 17.O-O O-O 18.Ba2 Rd8 19.Rd1 Ne7 20.Bg5 Kf7 21.Rd2 Bf6 22.Re1 Be6
23.Bxf6 Kxf6 24.Rde2  1-0

[Event "25th Open Pula"]
[Site "Pula CRO"]
[Date "2011.06.18"]
[Round "1.20"]
[White "Ljubotina,L"]
[Black "Mencinger,V"]
[Result "0-1"]
[WhiteElo "1981"]
[BlackElo "2399"]

1.e4 c5 2.c3 Nf6 3.d3 Nc6 4.f4 d6 5.Be2 g6 6.Be3 Bg7 7.Nd2 e5 8.h3 Bh6 9.g3 d5
10.Bxc5 exf4 11.g4 Bf8 12.Bxf8 Kxf8 13.g5 Ne8 14.Ngf3 h6 15.Qb3 Nc7 16.gxh6 Rxh6
17.O-O-O Kg7 18.e5 d4 19.Rdg1 a5 20.a4 Be6 21.c4 Bf5 22.Ne4 Bxe4 23.dxe4 Ne6
24.Qb5 d3 25.Bd1 Ncd4 26.Qd5 Nxf3 27.Bxf3 Qb6 28.Kb1 Rd8 29.Qb5 Qxb5 30.axb5 Rdh8
31.Bg4 Ng5 32.e6 fxe6 33.Rd1 Rd8 34.h4 Nxe4 35.Rh2 e5 36.Rg2 Ng3 37.h5 e4
38.c5 gxh5 39.Bf5 Kf6 40.Rxg3 Kxf5 41.Rg7 e3 42.Re1 d2 43.Rxb7 dxe1=Q+  0-1

[Event "Voronezh FIDE Open"]
[Site "Voronezh RUS"]
[Date "2011.06.18"]
[Round "7.4"]
[White "Avtsynov,A"]
[Black "Vetryansky,V"]
[Result "1/2-1/2"]
[WhiteElo "1964"]
[BlackElo "2243"]

1.e4 c5 2.c3 Nf6 3.e5 Nd5 4.d4 cxd4 5.Nf3 e6 6.cxd4 b6 7.Nc3 Nxc3 8.bxc3 Qc7
9.Bd2 Bb7 10.Bd3 d6 11.O-O Nd7 12.Bf4 dxe5 13.Nxe5 Nxe5 14.Bxe5 Bd6 15.Bb5+ Bc6
16.Qf3 Rc8 17.Bxc6+ Qxc6 18.d5 Qc5 19.dxe6 O-O 20.Bd4 Qc7 21.exf7+ Rxf7 22.Qh5 Bc5
23.Qg5 Bxd4 24.cxd4 Qf4 25.Qxf4 Rxf4 26.d5 Rd8 27.Rfd1 Rf5 28.d6 Rf6 29.Rac1 Rfxd6
30.Rxd6 Rxd6 31.g3 h5 32.Rc7 a6 33.Ra7 a5 34.Rb7 Kh7 35.Kg2 Kg6 36.h3 Kf6
37.g4 hxg4 38.hxg4 g6 39.Kg3 Ke5 40.f4+  1/2-1/2

[Event "49th National Challengers ch-IND"]
[Site "Aurangabad IND"]
[Date "2011.06.19"]
[Round "6"]
[White "Shreyans,K"]
[Black "Rajesh,VA"]
[Result "0-1"]
[WhiteElo "2211"]
[BlackElo "2291"]

1.e4 c5 2.c3 Nf6 3.e5 Nd5 4.d4 e6 5.Nf3 cxd4 6.cxd4 d6 7.Bc4 Nb6 8.Bb3 Nc6
9.Qe2 d5 10.O-O Be7 11.Nc3 a5 12.a4 O-O 13.Nb5 Bd7 14.Bf4 Nb4 15.Rac1 Bc6
16.Rc3 Qd7 17.Ng5 h6 18.Nh3 f5 19.exf6 Rxf6 20.Be5 Rf7 21.Nf4 Bxb5 22.axb5 Bd6
23.Bxd6 Qxd6 24.Qxe6 Qxe6 25.Nxe6 a4 26.Bc2 Nc4 27.Nc5 Nxb2 28.Bxa4 Nxa4
29.Ra3 Nb6 30.Rxa8+ Nxa8 31.Ra1 Nc7 32.Rb1 Nc2 33.Nxb7 Na3 34.Rb4 Ncxb5 35.Nd8 Rc7
36.g3 Rc4  0-1

[Event "3rd Gaudeamus Cup"]
[Site "Bucharest ROU"]
[Date "2011.06.19"]
[Round "5"]
[White "Martian,D"]
[Black "Iordan,C"]
[Result "1-0"]
[WhiteElo "2034"]
[BlackElo "1929"]

1.e4 c5 2.c3 Nf6 3.e5 Nd5 4.d4 cxd4 5.Nf3 Nc6 6.cxd4 d6 7.Bc4 e6 8.O-O Nc7
9.Nc3 dxe5 10.dxe5 Qxd1 11.Rxd1 Be7 12.a3 O-O 13.b4 a6 14.Ne4 b5 15.Be2 Nd5
16.Bb2 Rd8 17.Rac1 Bb7 18.Ne1 Nf4 19.Bf3 Rxd1 20.Rxd1 Rd8 21.Nd6 Bxd6 22.exd6 Nd5
23.Bxd5 exd5 24.Rxd5 Nxb4 25.Rg5 Nc6 26.Rxg7+ Kf8 27.Rxh7 Rxd6 28.h4 Na5
29.Bc3 Nc6 30.h5 a5 31.h6 b4 32.axb4 axb4 33.Rh8+ Ke7 34.h7 bxc3 35.Re8+ Kxe8
36.h8=Q+ Ke7 37.Qxc3 Nd4 38.Qc7+ Rd7 39.Qe5+ Ne6 40.f4 f6 41.Qe3 Kf7 42.Qh3 Re7
43.Qh5+ Kg7 44.f5 Nf8 45.Qg4+ Kf7 46.Nd3 Re4 47.Nf4 Bc6 48.Qh5+ Ke7 49.Ng6+ Nxg6
50.Qh7+ Kd6 51.fxg6 Rg4 52.Qf7 Rxg2+ 53.Kf1 Rg4 54.Qxf6+ Kc7 55.Qf7+ Kd6
56.Qf8+ Ke5 57.Qe7+ Kd4 58.Qb4+  1-0

[Event "Voronezh FIDE Open"]
[Site "Voronezh RUS"]
[Date "2011.06.19"]
[Round "8.14"]
[White "Golovchanov,A"]
[Black "Davidenko,Evgeny"]
[Result "1-0"]
[WhiteElo "2073"]
[BlackElo "2004"]

1.e4 c5 2.c3 Nf6 3.e5 Nd5 4.d4 cxd4 5.cxd4 Nc6 6.Nc3 Nxc3 7.bxc3 d6 8.e6 fxe6
9.Bd3 Qa5 10.Bd2 Bd7 11.Rb1 Rb8 12.Nf3 g6 13.Rb5 Qc7 14.h4 Nd8 15.h5 Nf7
16.hxg6 hxg6 17.Rxh8 Nxh8 18.Rg5 Kd8 19.Nh4 Bh6 20.Rg3 Bxd2+ 21.Qxd2 Be8
22.Nf3 Rc8 23.Ng5 Qd7 24.Qe2 e5 25.d5 Kc7  1-0

[Event "Mukachevo Summer"]
[Site "Mukachevo UKR"]
[Date "2011.06.21"]
[Round "1"]
[White "Iakymov,Volodymyr"]
[Black "Vetoshko,V"]
[Result "1/2-1/2"]
[WhiteElo "2483"]
[BlackElo "2212"]

1.e4 c5 2.c3 Nf6 3.e5 Nd5 4.d4 Nc6 5.Nf3 cxd4 6.cxd4 d6 7.Bc4 Nb6 8.Bb5 dxe5
9.Nxe5 Bd7 10.Nxd7 Qxd7 11.O-O e6 12.Nc3 Rd8 13.Be3 Be7 14.Qb3 O-O 15.Rfd1 Nd5
16.Rac1 f5 17.Nxd5 exd5 18.Bf4 g5 19.Be5 f4 20.f3 Rc8 21.Rc3 a6 22.Bd3 g4
23.fxg4 Nxe5 24.dxe5 Rxc3 25.bxc3 Qxg4 26.Qxd5+ Kg7 27.Rf1 f3 28.Rxf3 Rxf3
29.Qxf3 Qxf3 30.gxf3 Bg5 31.c4 Bf4 32.e6 Bd6 33.f4 h6 34.f5 a5 35.Kg2 b6
36.Kf3 Kf6 37.h3 Bc5 38.Ke4 Bd6 39.Kf3 Bc5 40.Kg4 Bd4 41.Kh5 Be3 42.c5 bxc5
43.Bc4 Bd2 44.Kg4 Bc3 45.Kf4 Ke7 46.Ke4 Bf6 47.Kd5 Bg5 48.Kc6 Bh4 49.Kd5 Bf6
50.a4 Bg5 51.Ke5 Bf6+ 52.Kf4 Bd4 53.Kg4 Kf6 54.Kh5  1/2-1/2

[Event "Baltija Cup Open A"]
[Site "Palanga LTU"]
[Date "2011.06.21"]
[Round "4.12"]
[White "Jankunas,T"]
[Black "Osis,R"]
[Result "0-1"]
[WhiteElo "1940"]
[BlackElo "2174"]

1.e4 c5 2.c3 Nf6 3.e5 Nd5 4.Bc4 Nc7 5.d4 b5 6.Bb3 Bb7 7.Nf3 c4 8.Bc2 g6 9.a4 a6
10.Nbd2 Bg7 11.Ne4 O-O 12.O-O Nd5 13.Bd2 d6 14.Re1 Nc6 15.exd6 exd6 16.b3 h6
17.bxc4 bxc4 18.Qc1 f5 19.Bxh6 fxe4 20.Bxe4 Nce7 21.Qg5 Kh7 22.Qh4 Nf5 23.Ng5+ Kg8
24.Bxf5 Rxf5 25.Bxg7 Qxg5 26.Qh8+ Kf7 27.Qh7 Qxg2+ 28.Kxg2 Nf6+  0-1

[Event "Baltija Cup Open A"]
[Site "Palanga LTU"]
[Date "2011.06.21"]
[Round "4.20"]
[White "Jankunas,V"]
[Black "Rogule,L"]
[Result "0-1"]
[WhiteElo "1844"]
[BlackElo "2362"]

1.e4 c5 2.c3 Nf6 3.e5 Nd5 4.Bc4 Nb6 5.Bb3 c4 6.Bc2 Nc6 7.Nf3 Qc7 8.Qe2 g5
9.e6 dxe6 10.Nxg5 Qe5 11.d4 Qxe2+ 12.Kxe2 h6 13.Nf3 Bg7 14.Re1 Bd7 15.Na3 Rc8
16.Kf1 Nd5 17.Bd2 a6 18.Rad1 b5 19.Bb1 Rb8 20.Kg1 f5 21.Nc2 Kf7 22.Ne5+ Bxe5
23.dxe5 a5 24.a3 Rbd8 25.Bc1 Nb6 26.Nd4 Nxd4 27.Rxd4 Rhg8 28.f3 Bc6 29.Kf2 Na4
30.Bc2 Nc5 31.Bf4 Rb8 32.Bc1 Bd5 33.Bd2 h5 34.h3 Rgd8 35.Rd1 Nd7 36.Re1 Nc5
37.Rd1 Rb7 38.Re1 Rdb8 39.Rd1 Bc6 40.Bc1 Nd7 41.Bf4 Rh8 42.h4 Rc8 43.g3 Nc5
44.Bc1 Bd5 45.Bd2 Nd7 46.Re1 Nb8 47.Bxf5 exf5 48.Rxd5 Ke6 49.Rd4 Nc6 50.Rf4 Rd8
51.Be3 Rd3 52.g4 fxg4 53.fxg4 hxg4 54.Rxg4 Kd5 55.Rg5 e6 56.Reg1 b4 57.axb4 axb4
58.Rc1 bxc3 59.bxc3 Rb2+ 60.Kf3 Nxe5+ 61.Kf4 Rf2+  0-1

[Event "Voronezh Master Open"]
[Site "Voronezh RUS"]
[Date "2011.06.21"]
[Round "9.3"]
[White "Deviatkin,A"]
[Black "Andriasian,Z"]
[Result "1/2-1/2"]
[WhiteElo "2578"]
[BlackElo "2640"]

1.e4 c5 2.c3 Nf6 3.e5 Nd5 4.g3 d6 5.exd6 Qxd6 6.Bg2 Nc6 7.Ne2 Bf5 8.d4 cxd4
9.O-O d3 10.Nd4 Nxd4 11.cxd4 e6 12.Nc3 Be7 13.Qf3 O-O 14.Nxd5 Qxd5 15.Qxd5 exd5
16.Be3 Bf6 17.Rfd1 Rac8 18.Bf1 Rc2 19.Bxd3 Bxd3 20.Rxd3 Rxb2 21.Rb3 Rxb3
22.axb3 a6 23.Rc1 b5 24.Rc6 Ra8 25.Rc5 Kf8 26.Kf1 Ke7 27.Ke2 Ke6 28.Rc6+ Kd7
29.Rc5 Rc8 30.Rxd5+ Ke6 31.Rh5 Rc3 32.b4 h6 33.d5+ Ke7 34.Rf5 Rc4 35.Kd3 Rc3+
36.Kd2 Rc4 37.Kd3 Rc3+ 38.Kd2 Rc4  1/2-1/2

[Event "Baltija Cup Open A"]
[Site "Palanga LTU"]
[Date "2011.06.22"]
[Round "7.24"]
[White "Vaicekauskas,G"]
[Black "Miknevicius,Laurynas"]
[Result "1/2-1/2"]
[WhiteElo "2064"]
[BlackElo "1797"]

1.e4 c5 2.c3 Nf6 3.e5 Nd5 4.d4 cxd4 5.cxd4 Nc6 6.Nf3 d6 7.Bc4 Nb6 8.Bb5 dxe5
9.Nxe5 Bd7 10.Bxc6 Bxc6 11.Nxc6 bxc6 12.O-O g6 13.Qc2 Rc8 14.Be3 Bg7 15.Rd1 O-O
16.Nc3 Nd5 17.Rac1 Qd7 18.Qa4 e6 19.Nxd5 Qxd5 20.h3 Qb5 21.Qc2 Rfd8 22.b3 Rd6
23.g3 Rcd8 24.d5 cxd5 25.Bxa7 Bh6 26.Ra1 Rc6 27.Qd3 Qxd3 28.Rxd3 Bg7 29.Rb1 Ra6  1/2-1/2

[Event "Mukachevo Summer"]
[Site "Mukachevo UKR"]
[Date "2011.06.24"]
[Round "6"]
[White "Kharchenko,B"]
[Black "Grekh,A"]
[Result "1/2-1/2"]
[WhiteElo "2459"]
[BlackElo "2369"]

1.e4 c5 2.c3 Nf6 3.e5 Nd5 4.d4 cxd4 5.Nf3 Nc6 6.Bc4 e6 7.cxd4 d6 8.O-O Be7
9.Qe2 O-O 10.Rd1 Bd7 11.Nc3 Nxc3 12.bxc3 Qc7 13.exd6 Bxd6 14.Bd3 f5 15.c4 Rae8
16.c5 Be7 17.g3 Bf6 18.Bf4 Qc8 19.Bc4 Na5 20.Bb5 Bxb5 21.Qxb5 Qc6 22.Qxc6 Nxc6
23.Rab1 Rf7 24.Bd6 Rd7 25.Ne5 Bxe5 26.dxe5 Rc8 27.Kg2 Kf7 28.Rb5 a6 29.Rb6 Ke8
30.Rdb1 Nd8 31.Kf3 Rf7 32.Kf4 Rd7 33.h3 Rc6 34.R6b3 Rf7 35.Ke3 Rc8 36.Rb4 g6
37.Kf4 Rg7 38.Kg5 Rd7 39.h4 Kf7 40.h5 Kg7 41.hxg6 hxg6 42.Kf4 Rf7 43.f3 Kh6
44.Rh1+ Kg7 45.Rb2 Rd7 46.Rbh2 Nf7 47.Ke3 Rc6 48.Rb2 g5 49.Kd4 Rc8 50.a4 Nd8
51.Rbh2 Nf7 52.Rh7+ Kg8 53.R7h2 Kg7 54.a5 Rc6 55.Rh7+ Kg8 56.R7h2 Kg7 57.g4 f4
58.Rh7+ Kg8 59.R1h6 Rc8 60.Rxf7 Rxf7 61.Rxe6 Kh7 62.Kd5 Rd8 63.Ke4 Rc8 64.Kd5 Rd8
65.Rf6 Kg7 66.Re6  1/2-1/2

[Event "25th Open Pula"]
[Site "Pula CRO"]
[Date "2011.06.24"]
[Round "8.16"]
[White "Tomazini,Z"]
[Black "Skytte,R"]
[Result "1-0"]
[WhiteElo "2250"]
[BlackElo "2399"]

1.e4 c5 2.c3 Nf6 3.e5 Nd5 4.d4 cxd4 5.Nf3 e6 6.cxd4 d6 7.Bc4 Nc6 8.O-O Be7
9.Qe2 O-O 10.Nc3 dxe5 11.dxe5 Nxc3 12.bxc3 Qa5 13.Bd2 b6 14.Rfe1 Bb7 15.Bb3 Rad8
16.Qe4 Ba8 17.Bc2 g6 18.Qf4 Rfe8 19.Bb3 Rd7 20.Ng5 Bd8 21.Rad1 Bc7 22.c4 Qa3
23.Bc3 Rde7 24.Ne4 f5 25.Nf6+ Kg7 26.Rd3 Rh8 27.Rh3 h6 28.Rg3 Qc5 29.Nd5 Rf7
30.Qh4 exd5 31.cxd5 Nxe5 32.Rxe5 Qxc3 33.Rxc3 Bxe5 34.Re3 Bf6 35.Qc4 Rd8
36.d6 Rfd7 37.Re6 Bb7 38.Rxf6 Kxf6 39.Qd4+ Kg5 40.h4+  1-0

[Event "ch-Commonwealth RSA-Open"]
[Site "Ekurhuleni RSA"]
[Date "2011.06.25"]
[Round "1"]
[White "Selkirk,Rebecca"]
[Black "Prathamesh,S"]
[Result "0-1"]
[WhiteElo "1609"]
[BlackElo "2405"]

1.e4 c5 2.c3 Nf6 3.e5 Nd5 4.Nf3 e6 5.Bc4 Nb6 6.Bb3 c4 7.Bc2 d6 8.exd6 Bxd6
9.b3 Qc7 10.Qe2 N8d7 11.Na3 a6 12.Nxc4 Nxc4 13.bxc4 Nf6 14.O-O b6 15.h3 Bb7
16.d3 Qc6 17.d4 O-O-O 18.a4 a5 19.Be3 Rhg8 20.Rab1 Bc7 21.Rb3 g5 22.Rfb1 g4
23.hxg4 Rxg4 24.d5 Nxd5 25.Nd4 Nxe3 26.Qxg4 Rxd4 27.Qf3 Rg4 28.Qxc6 Bxc6
29.fxe3 Rxg2+ 30.Kf1 Rxc2  0-1

[Event "HSG Open"]
[Site "Hilversum NED"]
[Date "2011.06.25"]
[Round "3"]
[White "Den Boer,Lennard"]
[Black "Slingerland,F"]
[Result "1/2-1/2"]
[WhiteElo "1958"]
[BlackElo "2415"]

1.e4 c5 2.c3 Nf6 3.e5 Nd5 4.d4 cxd4 5.cxd4 d6 6.Bc4 Nb6 7.Bb5+ Bd7 8.e6 fxe6
9.Bd3 Bc6 10.Qg4 Qc7 11.Nc3 Nd5 12.Nge2 Nd7 13.O-O N7f6 14.Qxe6 Qd7 15.Bf5 g6
16.Bh3 Qxe6 17.Bxe6 Bg7 18.a3 Rf8 19.Re1 Nc7 20.Bb3 Nfd5 21.Nxd5 Nxd5 22.Bg5 Rf5
23.Bh4 Bf6 24.Bxf6 Nxf6 25.Nc3 Nd5 26.Nxd5 Bxd5 27.Bxd5 Rxd5 28.Rac1 Kd8
29.Re4 a5 30.Rce1 Rc8 31.Rxe7 Rc7 32.Re8+ Kd7 33.R8e7+ Kd8 34.Re8+  1/2-1/2

[Event "Ladislava Kotana Mem"]
[Site "Kosice SVK"]
[Date "2011.06.25"]
[Round "1"]
[White "Viszlai,A"]
[Black "Manik,M"]
[Result "0-1"]
[WhiteElo "1873"]
[BlackElo "2398"]

1.e4 c5 2.c3 Nf6 3.e5 Nd5 4.d4 cxd4 5.cxd4 e6 6.Nf3 b6 7.Be2 Bb7 8.Bd2 d6
9.Nc3 Nd7 10.Nxd5 Bxd5 11.Bc3 Be7 12.O-O O-O 13.Nd2 dxe5 14.dxe5 Rc8 15.Bf3 Nc5
16.a3 b5 17.Qe2 Na4 18.Qxb5 Nxc3 19.bxc3 Rxc3 20.Bxd5 Rc5 21.Qb2 Qxd5 22.Rfc1 Qxe5
23.Qxe5 Rxe5 24.Rc7 Bc5 25.Nb3 Bb6 26.Rc2 g6 27.a4 Rb8 28.Kf1 Bxf2 29.Na5 Rxa5
30.Kxf2 Rb4 31.Rca2 e5 32.h3 Kg7 33.Ke3 Rd4 34.Ra3 h5 35.R1a2 h4 36.Kf3 f5
37.Ke3 Kf6 38.Ra1 g5 39.R1a2 f4+ 40.Kf3 Kf5 41.Kf2 e4 42.Ke2 g4 43.Rb2 g3
44.Rb5+ Rxb5 45.axb5 Rb4 46.Ra5 Rb2+ 47.Kf1 f3 48.b6+ Kf4  0-1

[Event "Championnat de Corse"]
[Site "Bastia FRA"]
[Date "2011.06.26"]
[Round "2.2"]
[White "Humeau,C"]
[Black "Luciani,T"]
[Result "1-0"]
[WhiteElo "2226"]
[BlackElo "1926"]

1.e4 c5 2.c3 Nf6 3.e5 Nd5 4.Nf3 Nc6 5.Bc4 Nb6 6.Bb3 d6 7.exd6 e6 8.O-O Bxd6
9.d4 O-O 10.dxc5 Bxc5 11.Bg5 Qxd1 12.Rxd1 e5 13.Nbd2 Bf5 14.Nc4 h6 15.Be3 Bxe3
16.Nxe3 Be4 17.Nd2 Bd3 18.f3 Na5 19.Kf2 Rfd8 20.Ne4 Rac8 21.Ke1 Nxb3 22.axb3 a6
23.Nf2 Bg6 24.Rxd8+ Rxd8 25.Ra5 f6 26.b4 Bf7 27.b5 Nc4 28.Nxc4 Bxc4 29.bxa6 bxa6
30.Rc5 Bb3 31.Ke2 Rd7 32.Ne4 Kf7 33.Nd2 Bc2 34.b4 Ke6 35.Ne4 f5 36.Rc6+ Kd5
37.Rc5+ Ke6 38.Nf2 g5 39.Rc6+ Rd6 40.Rxd6+ Kxd6 41.c4 Bb3 42.Kd3 Ba2 43.g4 fxg4
44.fxg4 Bb1+ 45.Ke3 Ba2 46.Ne4+ Kc6 47.Nd2 Kd6 48.Kd3 Ke6 49.Kc3 e4 50.Kd4  1-0

[Event "Ladislava Kotana Mem"]
[Site "Kosice SVK"]
[Date "2011.06.26"]
[Round "3"]
[White "Pejko,O"]
[Black "Manik,M"]
[Result "0-1"]
[WhiteElo "2187"]
[BlackElo "2398"]

1.e4 c5 2.c3 Nf6 3.e5 Nd5 4.g3 Qc7 5.Qe2 b6 6.Bg2 Bb7 7.Nf3 e6 8.O-O Be7
9.Re1 d6 10.Na3 dxe5 11.Nb5 Qc8 12.Qxe5 O-O 13.Qe2 a6 14.Na3 b5 15.Nc2 c4
16.d4 cxd3 17.Qxd3 Nd7 18.Qe2 N5b6 19.Ncd4 Bf6 20.Bg5 h6 21.Bxf6 Nxf6 22.Ne5 Bxg2
23.Kxg2 Qc7 24.Rad1 Rad8 25.Ndc6 Rxd1 26.Rxd1 Nfd5 27.Nd4 Na4 28.Re1 Nf6
29.f3 Rd8 30.Nec6 Rd6 31.Nb4 Nd5 32.Nxd5 Rxd5 33.f4 b4 34.Qxa6 Nxb2 35.Nxe6 fxe6
36.Qxe6+ Qf7 37.Qxf7+ Kxf7 38.cxb4 Rd2+ 39.Kg1 Nd3 40.Rb1 Rxa2 41.b5 Ra7
42.Rb3 Nc5 43.b6 Rb7 44.Rc3 Ne6 45.f5 Nd8 46.Rc7+ Kf6 47.Rxb7 Nxb7 48.g4 h5
49.gxh5 Kxf5 50.h6 gxh6 51.Kg2 Kg4 52.h3+ Kf4 53.Kf2 h5 54.Kg2 h4 55.Kf2 Nd8
56.Kg2 Ke3 57.Kh2 Kf2 58.Kh1 Kg3 59.Kg1 Kxh3 60.Kh1 Kg3 61.Kg1 h3 62.Kh1 Nb7
63.Kg1 Nc5 64.Kh1 Ne4  0-1

[Event "6th Dvorkovich Cup"]
[Site "Moscow RUS"]
[Date "2011.06.26"]
[Round "1.15"]
[White "Bortnik,A"]
[Black "Alekseenko,K"]
[Result "1-0"]
[WhiteElo "2327"]
[BlackElo "2317"]

1.e4 c5 2.c3 Nf6 3.e5 Nd5 4.d4 cxd4 5.Nf3 Nc6 6.cxd4 e6 7.Bc4 d6 8.O-O Be7
9.Qe2 O-O 10.Qe4 Bd7 11.a3 Na5 12.Ba2 Rc8 13.Nbd2 Bc6 14.Qg4 f5 15.exf6 Rxf6
16.Ne4 Rg6 17.Neg5 Bd7 18.Bxd5 Rxc1 19.Nxe6 Rxf1+ 20.Rxf1 Rxg4 21.Nxd8+ Kf8
22.Nxb7 Nc6 23.Rd1 Rf4 24.b4 Rf5 25.Be4 Rb5 26.Bxc6 Bxc6 27.Na5 Bd5 28.Rc1 Bf6
29.Rc8+ Kf7 30.Rc7+ Ke6 31.Rxa7 Bxf3 32.gxf3 Bxd4 33.Ra6  1-0

[Event "6th Dvorkovich Cup"]
[Site "Moscow RUS"]
[Date "2011.06.26"]
[Round "2.14"]
[White "Bortnik,N"]
[Black "Oparin,G"]
[Result "1-0"]
[WhiteElo "2302"]
[BlackElo "2368"]

1.e4 c5 2.c3 Nf6 3.e5 Nd5 4.d4 cxd4 5.Nf3 Nc6 6.cxd4 d6 7.Bc4 Nb6 8.Bb5 dxe5
9.Nxe5 Bd7 10.Nxd7 Qxd7 11.Nc3 e6 12.O-O Be7 13.Qg4 O-O 14.Rd1 Rfd8 15.Bh6 g6
16.Rd3 Nd5 17.Re1 Rac8 18.h4 a6 19.Bxc6 Rxc6 20.Bg5 h5 21.Qg3 Bxg5 22.Qxg5 Qe7
23.Qg3 Nxc3 24.bxc3 Rd5 25.Rf3 b5 26.Re4 Qd6 27.Re5 Rxe5 28.dxe5 Qe7 29.Rd3 Rc4
30.f4 Kg7 31.Kh2 a5 32.Rd4 Rxd4 33.cxd4 Qd8 34.Qf2 b4 35.g3 Qc7 36.f5 exf5
37.Qd2 Qc3 38.Qd1 Qb2+ 39.Kh3 Qxa2 40.d5 Qc4 41.Qd2 Qc3 42.Qd1 b3 43.e6 b2
44.e7 Qe5 45.d6 a4 46.e8=Q Qxe8 47.Qd4+ Kh7 48.Qxb2 Qd7 49.Qf6 f4+ 50.Kg2 Qb7+
51.Kg1 fxg3 52.Qd4 Qd7 53.Qc5 Qe6 54.Qd4 Qd7 55.Qc5 Qe6 56.Qd4 Qe1+ 57.Kg2 Qe2+
58.Kxg3 Qe1+ 59.Kf3 Qf1+ 60.Ke4 Qf5+ 61.Ke3 Qe6+ 62.Kd2 Qd7 63.Qc5 Qg4 64.Qd5 Qf4+
65.Kc3 Qe3+ 66.Kb4 Qf4+ 67.Ka5 a3 68.Kb5 Qf6 69.d7 Qe7 70.d8=Q  1-0

[Event "3rd Eforie Open"]
[Site "Eforie Nord ROU"]
[Date "2011.06.27"]
[Round "8.4"]
[White "Gavrilov,Al1"]
[Black "Peptan,C"]
[Result "1/2-1/2"]
[WhiteElo "2478"]
[BlackElo "2421"]

1.e4 c5 2.c3 Nf6 3.e5 Nd5 4.Nf3 e6 5.Bc4 d6 6.d4 cxd4 7.cxd4 Nb6 8.Bd3 dxe5
9.dxe5 N8d7 10.Bg5 Be7 11.Bxe7 Qxe7 12.Nc3 Nc5 13.Bc2 Bd7 14.O-O Rd8 15.Qe2 Bc6
16.Nb5 Bxb5 17.Qxb5+ Ncd7 18.Rad1 O-O 19.h4 Rfe8 20.Rd4 Nf8 21.Rfd1 Rxd4
22.Rxd4 Rd8 23.Rxd8 Qxd8 24.Be4 Qc7 25.g3 Nfd7 26.b3 h6 27.a4 a6 28.Qb4 Nc5
29.Qc3 Qc8 30.Bb1 Ncd7 31.Qd3 Nf8 32.Qd2 Qc6 33.Nd4 Qc7 34.f4 Nd5 35.Be4 Qc5
36.Kg2 b6 37.Nc2 a5 38.Qd4 Nd7 39.Kf3 h5 40.Qxc5 Nxc5 41.Bxd5 exd5 42.Nd4 Kf8
43.g4 hxg4+ 44.Kxg4 g6 45.f5 gxf5+ 46.Kxf5 Kg7 47.h5 Ne6 48.Nf3 d4 49.Nd2 Nc5
50.h6+ Kg8 51.Kf6 Nd7+ 52.Kf5 Nc5 53.Kg5 Nd7 54.Kf5 Nc5 55.Kg5 Nd7 56.Kf4 Nc5
57.Kf5 d3 58.Kg5 Nd7 59.Kf4 Kh7 60.Ke4 Kxh6 61.Kd5 Kg5 62.e6 fxe6+ 63.Kxe6 Nc5+
64.Kd5 Kf4 65.Kd4 Kf5 66.Kd5 Kf4 67.Kd4 Kg5 68.Kd5  1/2-1/2

[Event "TCh-TUR 2011"]
[Site "Konya TUR"]
[Date "2011.06.28"]
[Round "1"]
[White "Salepci,O"]
[Black "Afyoncu,O"]
[Result "1-0"]
[WhiteElo "2154"]
[BlackElo "2112"]

1.e4 c5 2.c3 Nf6 3.e5 Nd5 4.d4 cxd4 5.Nf3 Nc6 6.cxd4 g6 7.Qb3 Nb6 8.d5 Nb8
9.a4 e6 10.d6 Bg7 11.Nc3 O-O 12.a5 Nd5 13.Nxd5 exd5 14.Qxd5 Nc6 15.Bf4 h6
16.h4 a6 17.Be2 b6 18.h5 g5 19.Bxg5 hxg5 20.h6 Bh8 21.Rh5 Re8 22.Rxg5+ Kf8
23.Ra4 Rb8 24.Rag4 Qxg5 25.Nxg5 Ra8 26.Ra4 Rb8 27.Rg4  1-0

[Event "TCh-TUR 2011"]
[Site "Konya TUR"]
[Date "2011.06.28"]
[Round "1"]
[White "Okus,M"]
[Black "Aydogdu,E"]
[Result "1-0"]
[WhiteElo "1893"]
[BlackElo "2031"]

1.e4 c5 2.c3 Nf6 3.e5 Nd5 4.d4 cxd4 5.Nf3 d6 6.cxd4 Qc7 7.Bb5+ Bd7 8.Bxd7+ Qxd7
9.O-O e6 10.Nc3 Nxc3 11.bxc3 Qc7 12.Bf4 d5 13.c4 dxc4 14.d5 exd5 15.Qxd5 Qc6
16.Qa5 Bc5 17.e6 f6 18.Rad1 O-O 19.Rfe1 Re8 20.Rd8 b6 21.Qd2 Na6 22.Rxa8 Qxa8
23.Qd7 Re7 24.Qb5 Qc8 25.Nd2 Bb4 26.a3 Bxd2 27.Bxd2 c3 28.Rc1 Nc5 29.Bxc3 Qxe6
30.Bb4 Rc7 31.h3 a6 32.Qf1 Qd5 33.Bxc5 Rxc5 34.Rxc5 bxc5 35.Qxa6 c4 36.Qc8+ Kf7
37.Qc7+ Kg6 38.Qg3+ Kf7 39.Qc7+ Kg6 40.Qg3+ Kf5 41.Qg4+ Ke5 42.Qg3+ Ke6 43.Qe3+ Qe5
44.Kf1 Kd5 45.Qxe5+ Kxe5 46.Ke2 Kd4 47.Kd2 c3+ 48.Kc2 Kc4 49.g3 h5 50.f3 g6
51.f4 g5 52.fxg5 fxg5 53.g4 hxg4 54.hxg4 Kd5  1-0

[Event "TCh-TUR 2011"]
[Site "Konya TUR"]
[Date "2011.06.28"]
[Round "1"]
[White "Ali Marandi,C"]
[Black "Baglan,E"]
[Result "0-1"]
[WhiteElo "2265"]
[BlackElo "1807"]

1.e4 c5 2.c3 Nf6 3.e5 Nd5 4.d4 cxd4 5.cxd4 Nc6 6.Nf3 e6 7.Bc4 d6 8.O-O Be7
9.Qe2 O-O 10.Qe4 Bd7 11.Bd3 f5 12.exf6 Nxf6 13.Qe2 Qa5 14.Nc3 Qh5 15.Bf4 Nd5
16.Nxd5 exd5 17.Qd2 Rf7 18.Be2 Qg6 19.Bg3 Raf8 20.Rac1 Bg4 21.Qd1 h5 22.Rc3 Bxf3
23.Bxf3 h4 24.Bxd5 hxg3 25.Rxg3 Qf5 26.Qb3 Nxd4 27.Qc4 Ne2+ 28.Kh1 Nxg3+
29.fxg3 Qg6 30.Rxf7 Rxf7 31.h3 Qf6 32.Qc8+ Kh7 33.Bxf7 Qxf7 34.Qxb7 Qe6 35.Qxa7 Bf6
36.Qf2 d5 37.a4 d4 38.Qc2+ g6 39.h4 Qg4 40.Qb3 Qe2  0-1

[Event "TCh-TUR 2011"]
[Site "Konya TUR"]
[Date "2011.06.28"]
[Round "1"]
[White "Ozturk,H"]
[Black "Sop,S"]
[Result "0-1"]
[WhiteElo "1765"]
[BlackElo "1995"]

1.e4 c5 2.c3 Nf6 3.e5 Nd5 4.d4 cxd4 5.Nf3 e6 6.cxd4 d6 7.Bc4 Nc6 8.O-O Be7
9.Re1 O-O 10.Nbd2 Nf4 11.Nf1 Ng6 12.Bd3 b6 13.b3 Bb7 14.Bb2 dxe5 15.dxe5 Nb4
16.Be4 Bxe4 17.Rxe4 Qxd1 18.Rxd1 Nxa2 19.h4 Bc5 20.Ra4 Nb4 21.Ba3 a5 22.Bb2 Nf4
23.Ng3 Rfd8 24.Rxd8+ Rxd8 25.Ne4 Rd1+ 26.Kh2 Nfd3 27.Bc3 h6 28.Nxc5 Nxc5
29.Ra3 Nd5 30.Bd4 Nd3 31.Ra2 Ne1 32.Nxe1 Rxd4 33.Nf3 Rb4 34.Rc2 Rxb3 35.Rc8+ Kh7
36.Rf8 f6 37.Nd4 Rb4 38.Nxe6 fxe5 39.Rf7 Rxh4+ 40.Kg3 Rb4 41.Rxg7+ Kh8 42.Rg6 a4
43.Rxh6+ Kg8 44.Rh1 a3 45.Ng5 a2 46.Ra1 Nc3  0-1

[Event "Ladislava Kotana Mem"]
[Site "Kosice SVK"]
[Date "2011.06.28"]
[Round "5"]
[White "Pejko,O"]
[Black "Krak,T"]
[Result "0-1"]
[WhiteElo "2187"]
[BlackElo "2270"]

1.e4 c5 2.c3 Nf6 3.e5 Nd5 4.d4 cxd4 5.Qxd4 e6 6.Bc4 Nc6 7.Qe4 f5 8.Qe2 Nde7
9.Nf3 Ng6 10.O-O Qc7 11.Re1 Be7 12.a4 b6 13.Bb3 Bb7 14.Na3 a6 15.Nc4 Na5
16.Nxa5 bxa5 17.Nd4 O-O 18.f4 Bc5 19.Kh1 Qb6 20.Qd1 Nh4 21.Re2 Bxg2+ 22.Rxg2 Qb7
23.Qg1 Bxd4 24.cxd4 Qxb3  0-1

[Event "Championnat de Corse"]
[Site "Bastia FRA"]
[Date "2011.06.29"]
[Round "5.3"]
[White "Humeau,C"]
[Black "Geronimi,Pi"]
[Result "1-0"]
[WhiteElo "2226"]
[BlackElo "2014"]

1.e4 c5 2.c3 Nf6 3.e5 Nd5 4.Nf3 Nc6 5.Bc4 Nb6 6.Bb3 d5 7.exd6 Qxd6 8.O-O Bg4
9.Bxf7+ Kxf7 10.Ng5+ Kg6 11.Qxg4 h5 12.Qe6+ Qxe6 13.Nxe6 c4 14.b3 Kf6 15.Nxf8 Rhxf8
16.Na3 Rfd8 17.f4 cxb3 18.axb3 Rd3 19.Nc2 Rad8 20.Rf2 a6 21.Ne1 R3d7 22.d4 Kf5
23.Nf3 Nd5 24.c4 Nf6 25.d5 Nb4 26.Ne5 Ng4 27.Re2 Rc7 28.Nxg4 hxg4 29.Re5+ Kf6
30.Bd2 Nd3 31.Ba5 Nxf4 32.Bxc7 Rc8 33.Re4  1-0

[Event "TCh-TUR 2011"]
[Site "Konya TUR"]
[Date "2011.06.30"]
[Round "3"]
[White "Kanmazalp,O"]
[Black "Apaydin,F"]
[Result "1/2-1/2"]
[WhiteElo "2404"]
[BlackElo "2198"]

1.e4 c5 2.c3 Nf6 3.e5 Nd5 4.d4 cxd4 5.cxd4 e6 6.Nc3 Nxc3 7.bxc3 Qc7 8.Bd2 b6
9.f4 Bb7 10.Nf3 Be7 11.Bd3 d6 12.O-O Nc6 13.Qe2 O-O 14.Rae1 Rad8 15.exd6 Bxd6
16.Bxh7+ Kxh7 17.Ng5+ Kg8 18.Qh5 Rfe8 19.Qh7+ Kf8 20.Qh8+ Ke7 21.Qxg7 Kd7
22.Nxe6 Rxe6 23.Qxf7+ Re7 24.Qf5+ Ke8 25.Qh5+  1/2-1/2

[Event "Ladislava Kotana Mem"]
[Site "Kosice SVK"]
[Date "2011.06.30"]
[Round "7"]
[White "Viszlai,A"]
[Black "Krak,T"]
[Result "0-1"]
[WhiteElo "1873"]
[BlackElo "2270"]

1.e4 c5 2.c3 Nf6 3.e5 Nd5 4.d4 cxd4 5.cxd4 Nc6 6.Nf3 d6 7.Be2 g6 8.O-O Bg7
9.Qb3 Nb6 10.Rd1 dxe5 11.dxe5 Qc7 12.Na3 O-O 13.Nb5 Qb8 14.Bf4 Be6 15.Qe3 Nd5
16.Rxd5 Bxd5 17.e6 Qd8 18.Rd1 fxe6 19.Nc7 Qd7 20.Nxa8 Rxa8 21.Ng5 h6 22.Ne4 g5
23.Bg3 Bxb2 24.Nc5 Qc8 25.Bg4 Bd4 26.Rxd4 Nxd4 27.Qxd4 b6 28.Nd3 Qc4 29.Qxc4 Bxc4
30.Nc1 Rd8 31.Nb3 a5 32.Bc7 Rc8 33.Nd2 Bxa2 34.Bxb6 Rc1+ 35.Nf1 Bc4 36.g3 Rxf1+
37.Kg2 a4 38.Bc5 Kf7 39.Kf3 e5 40.h4 Rb1 41.hxg5 hxg5 42.Bd7 a3  0-1